Five major classical languages - Statistics

General Stats
  • This quiz has been taken 315 times
  • The average score is 4 of 5
Answer Stats
Answer % Correct
Latin
96%
Greek
89%
Arabic
80%
Chinese
69%
Sanskrit
51%
No matching quizzes found
Score Distribution
Percent of People with Each Score
Percentile by Number Answered
Your Score History
You have not taken this quiz